LEADER 00947nam a2200241 i 4500 001 991001358939707536 005 20020502191251.0 008 970529s|||| it ||| | ita 035 $ab11501376-39ule_inst 035 $aPRUMB59537$9ExL 040 $aDip. SSSC$bita 100 1 $aDeva, Ferruccio$0160732 245 12$aI nuovi programmi per la scuola elementare :$bil testo completo. Commento, Interpretazioni, indicazioni operative per una nuova didattica della lingua /$cFerruccio Deva 260 $aMilano :$bCetem,$cs.d. 300 $a223 p. ;$c28 cm. 490 0 $aInsegnare oggi 650 4$aScuola - Programmi 907 $a.b11501376$b01-03-17$c01-07-02 912 $a991001358939707536 945 $aLE021 DI4D69$g1$i2021000000300$lle021$o-$pE0.00$q-$rl$s- $t0$u0$v0$w0$x0$y.i11694713$z01-07-02 996 $aNuovi programmi per la scuola elementare$9813263 997 $aUNISALENTO 998 $ale021$b01-01-97$cm$da $e-$fita$git $h2$i1 LEADER 01850oam 2200541M 450 001 9910715677903321 005 20191121065729.1 035 $a(CKB)5470000002513283 035 $a(OCoLC)1065799280 035 $a(OCoLC)995470000002513283 035 $a(EXLCZ)995470000002513283 100 $a20070221d1838 ua 0 101 0 $aeng 135 $aurcn||||||||| 181 $ctxt$2rdacontent 182 $cc$2rdamedia 183 $acr$2rdacarrier 200 10$aThomas A. Smith. January 25, 1838. Read, and, with the bill, committed to a Committee of the Whole House to-morrow 210 1$a[Washington, D.C.] :$c[publisher not identified],$d1838. 215 $a1 online resource (3 pages) 225 1 $aHouse report / 25th Congress, 2nd session. House ;$vno. 471 225 1 $a[United States congressional serial set ] ;$v[serial no. 334] 300 $aBatch processed record: Metadata reviewed, not verified. Some fields updated by batch processes. 300 $aFDLP item number not assigned. 606 $aClaims 606 $aLand use 606 $aActions and defenses 606 $aLiability (Law) 606 $aRevenue 606 $aTheft 606 $aLand titles$xRegistration and transfer 608 $aLegislative materials.$2lcgft 615 0$aClaims. 615 0$aLand use. 615 0$aActions and defenses. 615 0$aLiability (Law) 615 0$aRevenue. 615 0$aTheft. 615 0$aLand titles$xRegistration and transfer. 701 $aWhittlesey$b Elisha$f1783-1863$pWhig (OH)$01388990 801 0$bWYU 801 1$bWYU 801 2$bOCLCO 801 2$bOCLCQ 906 $aBOOK 912 $a9910715677903321 996 $aThomas A. Smith. January 25, 1838. Read, and, with the bill, committed to a Committee of the Whole House to-morrow$93490866 997 $aUNINA